01626cam a2200265 a 4500001000500000005001700005020001500022020001500037020001800052040002300070050002300093082001800116100002600134245010000160260004200260300003800302505000700340520077600347521001701123521001701140650008701157650004301244700003501287700003801322230520231115143441.0 a0876148917 a087614959X a9780876149591 aDLCcDLCdDLCbemg00aF128.47b.W49 199600a974.7/2752201 aWetterer, Margaret K.14aThe snow walker /cby Margaret K. and Charles M. Wetterer ;illustrations by Mary O'Keefe Young. aMinneapolis :bMillbrook Books,c1996 a48 pages :billustrations c21 cm aP  aOne morning in March 1888, twelve-year-old Milton Daub awoke to find the world buried in snow. The blizzard was like nothing Milton and his neighbors in the Bronx had ever seen. No one dared go out into the storm. No one, that is, except Milton. He and his father made a pair of snowshoes from barrel hoops and old roller skates. Then Milton stepped bravely into the storm to buy milk for his family. Soon he was buying supplies for everyone in the area. His neighbors declared him a hero. The Blizzard of 1888 set records in the Northeast that are still unbroken. It forced whole cities to shut down for days. But Milton didn't let the snow stop him from helping neighbors in need. His true story is both an exciting adventure and a heartwarming glimpse of old New York. a630 bLexile aP bRaz-Plus 0aBlizzardszNew York (State)zNew YorkxHistoryy19th centuryvJuvenile literature. 1aBlizzardszNew York (State)zNew York.1 aWetterer, Charles M.eCoauthor1 aYoung, Mary O'Keefe,eillustrator